Choice of donor-recipient sibling-pairs for allogeneic bone marrow transplantation

Podrobná bibliografia
Hlavní autori: Buc, Milan, 1944- (Autor), Fazekašová, H. (Autor), Kušíková, M. (Autor), Královičová, J. (Autor), Holomáňová, Dagmar, 1946- (Autor), Mistrík, Martin, 1951- (Autor), Sakalová, Adriena, 1930-2020 (Autor)
Médium: Článok
Jazyk:slovenčina
Fyzický popis:Obr., tab.
ISSN:0006-9248
Predmet:

MARC

LEADER 00000nab a2200000 a 4500
001 vtls000726251
003 SK-MaSNL
005 20260304235304.0
008 250429c2000 xo 0 slo
015 |a SNBRB2000/06-15803 
035 |a CLN000078409 
035 |a urn:nbn:sk:snk-abk0e 
035 |a (urnnbn)urn:nbn:sk:snk:ar-a03fh6 
035 |a (uuid)80d50950-b013-454f-8ee9-aa1eed613562 
040 |a SNKBUCL  |b slo  |c SNKBUCL  |e AACR2 
041 0 |a slo 
044 |a xo  |c SK 
080 |a 616.419-089.843:616-097  |2 1997 
080 |a 616-097  |2 1997 
080 |a 612.017  |2 1997 
245 0 0 |a Choice of donor-recipient sibling-pairs for allogeneic bone marrow transplantation  |c M. Buc ... [et al.] 
300 |b Obr., tab. 
504 |a Res. angl., slov. 
504 |a Bibliogr. odkazy 
650 0 7 |a transplantácia kostnej drene  |2 snkbucl  |9 20109 
650 0 7 |a kostná dreň  |2 snkbucl  |9 50802 
650 0 7 |a HLA komplex  |2 snkbucl  |9 239007 
650 0 7 |a súrodenci HLA-identickí  |2 snkbucl  |9 1572619 
655 7 |a články z novín a časopisov  |2 snkbucl  |9 267496 
700 1 |a Buc, Milan,  |d 1944-  |4 aut  |9 200548 
700 1 |a Fazekašová, H.  |4 aut  |9 903152 
700 1 |a Kušíková, M.  |4 aut  |9 823474 
700 1 |a Královičová, J.  |4 aut  |9 1543971 
700 1 |a Holomáňová, Dagmar,  |d 1946-  |4 aut  |9 202773 
700 1 |a Mistrík, Martin,  |d 1951-  |4 aut  |9 10255 
700 1 |a Sakalová, Adriena,  |d 1930-2020  |4 aut  |9 253028 
773 0 |t Bratislavské lekárske listy  |g Roč. 101, č. 3 (2000), s. 173-175  |x 0006-9248 
850 |a Slovenská národná knižnica 
852 |a Slovenská národná knižnica 
954 |a odborná, vedecká literatúra pôvodná (slovenská)  |2 lita 
958 |a article27 
958 |a NB 
958 |a MI 
958 |a OND 
958 |a EUIPO 
992 |a RBX 
999 |c 3208261  |d 3210191